Ser, razón y lenguaje : el problema de la universalidad y la cuestión del fundamento /
Ser, razón y lenguaje son tres categorías elementales de la filosofía que despliegan una determinada explicación de lo último de la realidad fenoménica. Los autores apoyan sus argumentaciones en los aportes de Aristoteles, Plotino, Schelling, Hegel, Marx, Terry Pinkard, Nietzsche, Husserl, Heidegger...
Guardado en:
| Autor principal: | |
|---|---|
| Formato: | Libro |
| Idioma: | Español |
| Publicado: |
Santa Fe, Argentina :
Universidad Nacional del Litoral,
2014, c2014
|
| Colección: | (Ciencia y Tecnología Universidad Nacional del Litoral)
|
| Temas: | |
| Etiquetas: |
Sin etiquetas, Sé el primero en etiquetar este registro!
|
MARC
| LEADER | 00000nam^a2200000^a^4500 | ||
|---|---|---|---|
| 001 | 000352616 | ||
| 005 | 20250521000000.0 | ||
| 009 | 20260310115044.321 | ||
| 020 | |a 978-987-657-895-0 | ||
| 037 | |a Acervo ITESO - Biblioteca | ||
| 041 | |a ESP | ||
| 082 | |a 111. |b LOP | ||
| 100 | |a López, Diana María |e (comp.) | ||
| 245 | 1 | 0 | |a Ser, razón y lenguaje : |b el problema de la universalidad y la cuestión del fundamento / |c Comp. de D.M. López. |
| 264 | 4 | |a Santa Fe, Argentina : |b Universidad Nacional del Litoral, |c 2014, c2014 | |
| 300 | |a 270 p. | ||
| 336 | |a texto |b txt |2 rdacontenido | ||
| 337 | |a sin mediación |b n |2 rdamedio | ||
| 338 | |a volumen |b nc |2 rdasoporte | ||
| 440 | 1 | |a (Ciencia y Tecnología Universidad Nacional del Litoral) | |
| 520 | |a Ser, razón y lenguaje son tres categorías elementales de la filosofía que despliegan una determinada explicación de lo último de la realidad fenoménica. Los autores apoyan sus argumentaciones en los aportes de Aristoteles, Plotino, Schelling, Hegel, Marx, Terry Pinkard, Nietzsche, Husserl, Heidegger, Foucault y Deleuze. | ||
| 649 | |a XX | ||
| 650 | |a Causalidad | ||
| 650 | |a Percepción | ||
| 650 | |a Tiempo - |x Filosofía | ||
| 650 | |a Razón | ||
| 650 | |a Ontología - |x Tema Principal | ||
| 650 | |a Metafísica | ||
| 650 | |a Filosofía - |x Teoría | ||
| 910 | |a Fondo General | ||
| 920 | |a Impresos - Libros | ||
| 930 | |a Colección General | ||
| 905 | |a 101 | ||
| 901 | |a 0500244349 |b IT1 |c ACC |i C145435 |u 20250521 | ||
| 902 | |a https://opac.biblio.iteso.mx/vufind/Record/000352616 | ||